000 00714nam a22002297 4500
001 26867
003 BD-RjUL
005 20211209051058.0
008 140323s1958 ii 000 0 eng
035 _a(BD-RjUL)26938
040 _aDLC
_cDLC
_dDLC
_beng
041 _aeng
082 _a954.12
_bCHS 1958
100 1 _aChoudhary, Radhakrishna. [from old catalog]
_982568
245 0 0 _aSelect inscriptions of Bihar :
_bintroduction and appendix in English and text in Sanskrit /
_cWith a foreword by D.C. Sircar.
260 _aPatna :
_bShanti Devi,
_c1958.
300 _a28 p., 138 p. ;
_c19cm.
650 _a Inscriptions, Sanskrit.
_979148
942 _2ddc
_cBK
999 _c26867
_d26867